000 00362nam a2200145Ia 4500
008 230917s9999||||xx |||||||||||||| ||und||
040 _e148096
_aMAIN
041 _aEnglish
082 _a301.1 A13C
100 _aAsante, Molefi Kete Ed
245 0 _aContemporary black thougt
260 _aLondon
_bSage Publications
_c1980
300 _a302p p.
942 _cBK
999 _c228496
_d228496